SC Paderborn Kader 2023/24 - Statistiken

Allgemein
  • Dieses Quiz wurde 78 mal gespielt
  • Das Durchschnittsergebnis liegt bei 17 aus 32
Antwortstatistiken
Nr. Antwort % Korrekt
21 Jannik Huth
85%
30 Florent Muslija
77%
Trainer Lukas Kwasniok
77%
39 Adriano Grimaldi
70%
10 Max Kruse
68%
36 Felix Platte
66%
29 Ilyas Ansah
66%
33 Marcel Hoffmeier
66%
7 Filip Bilbija
64%
1 Pelle Boevink
62%
11 Sirlord Conteh
62%
6 Marco Schuster
60%
23 Raphael Obermair
60%
27 Kai Klefisch
58%
8 David Kinsombi
57%
35 Arne Schulz
55%
24 Jannis Heuer
55%
31 Maximilian Rohr
53%
17 Laurin Curda
51%
26 Sebastian Klaas
51%
16 Visar Musliu
51%
22 Mattes Hansen
47%
15 Tobias Müller
47%
4 Calvin Brackelmann
45%
13 Robert Leipertz
45%
40 Niclas Nadj
40%
12 Florian Pruhs
34%
19 Kimberly Ezekwem
32%
34 Dawyn-Paul Donner
21%
25 Jesse Edem Tugbenyo
15%
20 Justus Henke
15%
18 Michael Martin
15%
Keine übereinstimmenden Quizze gefunden
Verteilung der Resultate
Anzahl Personen mit jedem Resultat
Perzentil nach korrekt beantworteten Fragen
Ihre Resultats-Entwicklung
Sie haben dieses Quiz noch nicht gespielt